Countries and Capitals - Statistics

General Stats
  • This quiz has been taken 26 times
  • The average score is 290 of 394
Answer Stats
# Country/Capital % Correct
67 Athens
100%
65 Berlin
100%
24 Brazil
100%
7 Buenos Aires
100%
9 Canberra
100%
120 Central African Republic
100%
48 | 125 Djibouti
100%
138 Lima
100%
186 London
100%
144 Moscow
100%
78 New Delhi
100%
61 Paris
100%
83 Rome
100%
187 Washington DC
100%
185 Abu Dhabi
88%
72 Afghanistan
88%
170 Albania
88%
132 Algeria
88%
106 Angola
88%
180 Ankara
88%
25 Argentina
88%
79 Armenia
88%
137 Asuncion
88%
36 Australia
88%
177 Austria
88%
81 Azerbaijan
88%
92 Bahrain
88%
68 Bangladesh
88%
36 Beijing
88%
184 Belgium
88%
176 Bosnia and Herzegovina
88%
108 Botswana
88%
24 Brasilia
88%
17 Brussels
88%
164 Bulgaria
88%
140 Burkina Faso
88%
123 Burundi
88%
53 Cairo
88%
57 Cambodia
88%
134 Cameroon
88%
1 Canada
88%
149 Cape Verde
88%
191 Caracas
88%
152 Chad
88%
28 Chile
88%
62 China
88%
32 Colombia
88%
102 Comoros
88%
47 Copenhagen
88%
20 Dominica
88%
81 Dublin
88%
127 Egypt
88%
126 Eritrea
88%
160 Estonia
88%
128 Ethiopia
88%
41 Fiji
88%
159 Finland
88%
186 France
88%
72 Georgetown
88%
80 Georgia
88%
141 Ghana
88%
169 Greece
88%
21 Grenada
88%
34 Guyana
88%
13 Haiti
88%
60 Helsinki
88%
178 Hungary
88%
158 Iceland
88%
50 Indonesia
88%
154 Ireland
88%
132 Islamabad
88%
191 Italy
88%
11 Jamaica
88%
64 Japan
88%
84 Jordan
88%
74 Kazakhstan
88%
113 Kenya
88%
172 Kosovo
88%
184 Kyiv
88%
75 Kyrgyzstan
88%
58 Laos
88%
161 Latvia
88%
88 Lebanon
88%
141 Lisbon
88%
162 Lithuania
88%
99 Madagascar
88%
164 Madrid
88%
112 Malawi
88%
56 Malaysia
88%
95 Maldives
88%
136 Mali
88%
3 Mexico
88%
112 Mexico City
88%
16 Minsk
88%
188 Montevideo
88%
110 Mozambique
88%
61 Myanmar
88%
12 Nassau
88%
67 Nepal
88%
185 Netherlands
88%
37 New Zealand
88%
8 Nicaragua
88%
139 Niger
88%
138 Nigeria
88%
65 North Korea
88%
174 North Macedonia
88%
156 Norway
88%
97 Oman
88%
130 Oslo
88%
31 Ottawa
88%
71 Pakistan
88%
87 Palestine
88%
10 Panama
88%
135 Panama City
88%
49 Papua New Guinea
88%
27 Paraguay
88%
30 Peru
88%
54 Philippines
88%
182 Poland
88%
188 Portugal
88%
91 Qatar
88%
52 Quito
88%
77 Reykjavik
88%
167 Russia
88%
122 Rwanda
88%
42 Samoa
88%
150 | 193 San Marino
88%
35 Santiago
88%
89 Saudi Arabia
88%
91 Seoul
88%
173 Serbia
88%
101 Seychelles
88%
52 | 157 Singapore
88%
26 Sofia
88%
124 Somalia
88%
103 South Africa
88%
66 South Korea
88%
130 South Sudan
88%
187 Spain
88%
94 Sri Lanka
88%
17 St Vincent and the Grenadines
88%
129 Sudan
88%
35 Suriname
88%
155 Sweden
88%
76 Tajikistan
88%
60 Thailand
88%
151 The Gambia
88%
143 Togo
88%
85 Tokyo
88%
179 Tunis
88%
77 Turkmenistan
88%
38 Tuvalu
88%
121 Uganda
88%
165 Ukraine
88%
93 United Arab Emirates
88%
153 United Kingdom
88%
2 United States of America
88%
26 Uruguay
88%
78 Uzbekistan
88%
33 Venezuela
88%
140 Warsaw
88%
3 Algiers
75%
124 Amsterdam
75%
189 Andorra
75%
104 Antananarivo
75%
15 Antigua and Barbuda
75%
196 Baghdad
75%
23 Bahamas
75%
175 Bangkok
75%
19 Barbados
75%
97 Beirut
75%
163 Belarus
75%
5 Belize
75%
142 Benin
75%
69 Bhutan
75%
37 Bogota
75%
31 Bolivia
75%
143 Bucharest
75%
9 Costa Rica
75%
175 Croatia
75%
12 Cuba
75%
181 Czechia
75%
171 Damascus
75%
157 Denmark
75%
14 Dominican Republic
75%
51 East Timor
75%
29 Ecuador
75%
7 El Salvador
75%
117 Gabon
75%
183 Germany
75%
4 Guatemala
75%
69 Guatemala City
75%
147 Guinea
75%
6 Honduras
75%
70 India
75%
73 Iran
75%
85 Iraq
75%
144 Ivory Coast
75%
79 Jakarta
75%
1 Kabul
75%
84 Kingston
75%
148 Kingstown
75%
48 Kiribati
75%
90 Kuwait
75%
93 Kuwait City
75%
131 Libya
75%
197 Liechtenstein
75%
103 | 196 Luxembourg
75%
107 Male
75%
126 Managua
75%
139 Manila
75%
137 Mauritania
75%
100 Mauritius
75%
168 Moldova
75%
115 | 190 Monaco
75%
135 Morocco
75%
88 Nairobi
75%
107 Namibia
75%
43 Nauru
75%
44 Palau
75%
178 Port of Spain
75%
90 Pyongyang
75%
96 Riga
75%
152 Riyadh
75%
166 Romania
75%
41 San Jose
75%
22 Sarajevo
75%
150 Senegal
75%
145 Sierra Leone
75%
180 Slovakia
75%
179 Slovenia
75%
16 St Kitts and Nevis
75%
18 St Lucia
75%
169 Stockholm
75%
83 Syria
75%
172 Taipei
75%
55 Taiwan
75%
57 Tallinn
75%
114 Tanzania
75%
75 Tegucigalpa
75%
80 Tehran
75%
39 Tonga
75%
22 Trinidad and Tobago
75%
133 Tunisia
75%
82 Turkey
75%
40 Vanuatu
75%
74 | 194 Vatican City
75%
59 Vietnam
75%
96 Yemen
75%
111 Zambia
75%
109 Zimbabwe
75%
66 Accra
63%
86 Amman
63%
4 Andorra la Vella
63%
149 Apia
63%
181 Ashgabat
63%
87 Astana
63%
11 Baku
63%
108 Bamako
63%
154 Belgrade
63%
170 Bern
63%
158 Bratislava
63%
53 Brunei
63%
76 Budapest
63%
114 Chisinau
63%
98 Cyprus
63%
14 Dhaka
63%
51 Dili
63%
142 Doha
63%
173 Dushanbe
63%
118 Equatorial Guinea
63%
105 Eswatini
63%
148 Guinea-Bissau
63%
44 Havana
63%
82 Jerusalem
63%
123 Kathmandu
63%
39 Kinshasa
63%
106 Kuala Lumpur
63%
104 Lesotho
63%
159 Ljubljana
63%
5 Luanda
63%
195 Malta
63%
13 Manama
63%
46 Marshall Islands
63%
45 Micronesia
63%
161 Mogadishu
63%
63 Mongolia
63%
99 Monrovia
63%
171 Montenegro
63%
131 Muscat
63%
34 Ndjamena
63%
27 Ouagadougou
63%
113 Palikir
63%
167 Paramaribo
63%
29 Phnom Penh
63%
73 Port Au Prince
63%
136 Port Moresby
63%
46 Prague
63%
162 Pretoria
63%
92 Pristina
63%
193 Sanaa
63%
54 San Salvador
63%
50 Santo Domingo
63%
151 Sao Tome
63%
119 Sao Tome and Principe
63%
129 Skopje
63%
47 Solomon Islands
63%
192 Switzerland
63%
189 Tashkent
63%
64 Tbilisi
63%
20 Thimphu
63%
2 Tirana
63%
116 Ulaan Baatar
63%
10 Vienna
63%
95 Vientiane
63%
102 Vilnius
63%
125 Wellington
63%
42 Yamoussoukro
63%
30 Yaounde
63%
8 Yerevan
63%
43 Zagreb
63%
128 Abuja
50%
58 Addis Ababa
50%
56 Asmara
50%
25 Bandar Seri Begawan
50%
33 Bangui
50%
63 Banjul
50%
146 Basseterre
50%
18 Belmopan
50%
94 Bishkek
50%
40 Brazzaville
50%
15 Bridgetown
50%
147 Castries
50%
153 Dakar
50%
115 Democratic Republic of Congo
50%
156 Freetown
50%
182 Funafuti
50%
23 Gaborone
50%
28 Gitega
50%
192 Hanoi
50%
160 Honiara
50%
183 Kampala
50%
166 Khartoum
50%
145 Kigali
50%
146 Liberia
50%
62 Libreville
50%
105 Lilongwe
50%
176 Lome
50%
194 Lusaka
50%
110 Majuro
50%
119 Maputo
50%
38 Moroni
50%
120 Naypyidaw
50%
127 Niamey
50%
177 Nukualofa
50%
117 Podgorica
50%
19 Porto Novo
50%
190 Port Vila
50%
32 Praia
50%
118 Rabat
50%
116 Republic of Congo
50%
165 Sri Jayawardenepura Kotte
50%
68 St Georges
50%
6 St Johns
50%
21 Sucre
50%
59 Suva
50%
100 Tripoli
50%
101 Vaduz
50%
109 Valletta
50%
155 Victoria
50%
121 Windhoek
50%
71 Bissau
38%
70 Conakry
38%
174 Dodoma
38%
195 Harare
38%
163 Juba
38%
55 Malabo
38%
98 Maseru
38%
168 Mbabane
38%
133 Ngerulmud
38%
45 Nicosia
38%
111 Nouakchott
38%
197 Port Louis
38%
134 Ramallah
38%
49 Roseau
38%
89 Tarawa
38%
122 Yaren
38%
86 Irsael
0%
No matching quizzes found
Score Distribution
Percent of People with Each Score
Percentile by Number Answered
Your Score History
You have not taken this quiz